| 000 | 00564nam a22002057a 4500 | ||
|---|---|---|---|
| 003 | IIN | ||
| 005 | 20250429125323.0 | ||
| 008 | 250429s |||ad||| |||| 001 0 eng d | ||
| 020 |
_a9789392242847 _cRs.1350.00 |
||
| 040 | _aIIN | ||
| 082 |
_a610.73 _bKAT |
||
| 100 | _aKathwal, Jyoti | ||
| 245 |
_aTextbook of Nursing Foundation _bfor BSc. Nursing Students Semester I & II/ _cJyoti Kathwal |
||
| 250 | _a2nd ed. | ||
| 260 |
_aPunjab _bVHS _c2024 |
||
| 300 |
_axxiii, 934 p. _bcol. ill. |
||
| 500 | _aIncludes Index | ||
| 650 |
_aNursing _vFoudation |
||
| 942 | _cBOOK | ||
| 999 |
_c1772 _d1772 |
||